Statistieken voor Landen van Europa - Medeklinkers

Klik hier om de quiz te nemen!

Algemene statistieken

  • Deze quiz is 9 keer genomen
  • De gemiddelde score is 39 van 45

Antwoorden op de kaart

Antwoorden kleurgecodeerd door een groen-rode schaal op de quizkaart volgens % correct hieronder.
 

Antwoordstatistieken

Lnd% Correct
Blg
100%
Dtslnd
100%
Fnlnd
100%
lbn
100%
Mntngr
100%
Ndrlnd
100%
Pln
100%
rlnd
100%
Slvn
100%
Spnj
100%
tl
100%
Vtcnstd
100%
Zwdn
100%
Zwtsrlnd
100%
Blgrj
83%
Bsn n Hrzgvn
83%
Dnmrkn
83%
Frnkrjk
83%
Grknlnd
83%
Hngrj
83%
Jslnd
83%
krn
83%
Krt
83%
Ksv
83%
Lchtnstn
83%
Ltlnd
83%
Ltwn
83%
Lxmbrg
83%
Mlt
83%
Mnc
83%
Prtgl
83%
Rmn
83%
Rslnd
83%
Slwkj
83%
Sn Mrn
83%
Srv
83%
stlnd
83%
stnrjk
83%
Tsjch
83%
Blrs
67%
Mldv
67%
ndrr
67%
Nrd Mcdn
67%
Nrwgn
67%
Vrngd Knnkrjk
50%

Scoreverdeling

Percentiel versus Aantal Correcte Antwoorden

Procent van Mensen met Elke Score

Uw Scoregeschiedenis

U heeft deze quiz nog niet genomen